| 000 | 00668nam a2200205Ia 4500 | ||
|---|---|---|---|
| 005 | 20260121110107.0 | ||
| 008 | 008 260114s9999 xx 000 0 hin d | ||
| 020 | _a9788132356509 | ||
| 037 | _aEBOOK | ||
| 040 |
_aCRL _bhin _cCRL |
||
| 041 |
_ahin _2hin |
||
| 084 | _qCRL | ||
| 100 |
_aविक्रांत सिंह / Vikrant Singh _9941967 |
||
| 245 | 0 | _aतुलनात्मक आर्थिक विकास / Tulnatmak Arthik Vikas | |
| 260 |
_bभाषा प्रकाशन / Bhasha Prakashan _c2021 |
||
| 856 | _uhttps://bhashaprakashan.com/product-details/378787 | ||
| 942 | _cEBOOK | ||
| 999 |
_c1533632 _d1533632 |
||